| 000 | 00766cab a2200229 4500 | ||
|---|---|---|---|
| 001 | ABS43134 | ||
| 008 | 090401t1990 xxu||||| |||| 00| 0 eng d | ||
| 035 | _a(Sirsi) u40538 | ||
| 041 | _aeng | ||
| 245 | _aNew roads | ||
| 260 | _c1990 | ||
| 350 | _a0 | ||
| 490 |
_aContract Journal _v356 (8750) 26 July 1990, 15-35 (15) |
||
| 520 | _aDiscusses construction industry`s views of government policy . Tendering , project management , road widening schemes, private toll roads , design and build , concrete bridge corrosion and earthmoving are the key topics covered. | ||
| 650 |
_aContracts _96232 |
||
| 650 | _aCORNWALL | ||
| 650 | _aMOTORWAYS | ||
| 650 | _aPUBLIC TRANSPORT | ||
| 690 | _aTRANSPORT AND COMMUNICATIONS | ||
| 942 | _n0 | ||
| 948 | _c04/03/1997 | ||
| 999 |
_c25972 _d25972 |
||